[Event "ICS rated blitz match"]
[Site "204.178.125.65"]
[Date "2000.03.01"]
[Round "?"]
[White "Kair"]
[Black "Hossa"]
[Result "1-0"]
[WhiteElo "2547"]
[BlackElo "2422"]
[PlyCount "85"]

1. e4 c5 2. Nf3 Nc6 3. d4 cxd4 4. Nxd4 Nf6 5. Nc3 d6 6. Bg5 e6 7. Qd2 a6 8.
O-O-O h6 9. Be3 Be7 10. f4 Nxd4 11. Bxd4 b5 12. Bd3 Bb7 13. Qe2 b4 14. Na4 Bc6
15. Nb6 Rb8 16. Nc4 b3 17. axb3 d5 18. exd5 Bxd5 19. f5 O-O 20. fxe6 fxe6 21.
Ne3 Qc8 22. Bxa6 Bb7 23. Bxb7 Qxb7 24. Bxf6 Rxf6 25. Ng4 Rg6 26. Rhf1 Ra8 27.
Kb1 Qa7 28. c4 Qa2+ 29. Kc2 Ba3 30. Rb1 Ra6 31. Qe4 Rg5 32. h4 Rf5 33. Rxf5
exf5 34. Qxf5 Be7 35. Re1 Rb6 36. Qd5+ Kf8 37. c5 Ra6 38. Qf5+ Ke8 39. Qc8+ Kf7
40. Rf1+ Bf6 41. Ne5+ Ke7 42. Qd7+ Kf8 43. Qf7# 1-0

[Event "ICS rated blitz match"]
[Site "204.178.125.65"]
[Date "2000.03.01"]
[Round "?"]
[White "Hossa"]
[Black "Kair"]
[Result "0-1"]
[WhiteElo "2412"]
[BlackElo "2557"]
[PlyCount "114"]

1. e4 e5 2. Nf3 Nc6 3. Bb5 a6 4. Ba4 Nf6 5. O-O Be7 6. Re1 b5 7. Bb3 d6 8. c3
O-O 9. h3 Na5 10. Bc2 c5 11. d4 Qc7 12. Nbd2 cxd4 13. cxd4 Nc6 14. a3 Bd7 15.
Nb3 Rfc8 16. Bd2 a5 17. d5 Nd8 18. Rc1 Nb7 19. Bd3 Qd8 20. Rc2 a4 21. Nc1 Nc5
22. Bb4 Nxd3 23. Rxc8 Rxc8 24. Nxd3 Ne8 25. Nd2 f5 26. Qf3 fxe4 27. Nxe4 Rc4
28. Nxd6 Nxd6 29. Nxe5 Rxb4 30. axb4 Bf6 31. Nxd7 Qxd7 32. Qe2 Nc4 33. Qe8+
Qxe8 34. Rxe8+ Kf7 35. Rb8 Nd6 36. Rb6 Ke7 37. Rc6 Bxb2 38. Rc7+ Kf6 39. Rd7
Nc4 40. Rc7 a3 41. Ra7 Ke5 42. g3 Bc3 43. Kg2 Kxd5 44. Rd7+ Kc6 45. Ra7 Bxb4
46. f3 Ba5 47. Rxg7 a2 48. Rxh7 a1=Q 49. Rh6+ Kd5 50. Rh5+ Kd4 51. Rh4+ Kd3 52.
Re4 Ne3+ 53. Rxe3+ Kxe3 54. h4 Qb2+ 55. Kh3 Kxf3 56. h5 Qg2+ 57. Kh4 Qxg3# 0-1

[Event "ICS rated blitz match"]
[Site "204.178.125.65"]
[Date "2000.03.01"]
[Round "?"]
[White "Kair"]
[Black "Hossa"]
[Result "1-0"]
[WhiteElo "2567"]
[BlackElo "2402"]
[PlyCount "121"]

1. e4 d6 2. d4 Nf6 3. Nc3 g6 4. f4 Bg7 5. Nf3 O-O 6. Bd3 Nc6 7. O-O e5 8. fxe5
dxe5 9. d5 Nd4 10. Nxe5 Nxe4 11. Bxe4 Bxe5 12. Bf4 Bg7 13. Qd2 Bg4 14. Be3 Nf5
15. Bc5 Re8 16. Qf4 Nh6 17. Rae1 f5 18. Bd3 Rxe1 19. Rxe1 Nf7 20. Be7 Qd7 21.
h3 Bxc3 22. bxc3 Re8 23. hxg4 Rxe7 24. Rxe7 Qxe7 25. gxf5 Qe1+ 26. Kh2 Qxc3 27.
fxg6 hxg6 28. Bxg6 Qh8+ 29. Kg1 Nd6 30. Kf2 a5 31. g4 Qh1 32. Qg5 Qh2+ 33. Ke3
Qg3+ 34. Ke2 Qg2+ 35. Kd3 Qf1+ 36. Kd4 Qa1+ 37. c3 Nb5+ 38. Ke4 Qe1+ 39. Kf5
Qf2+ 40. Ke6 Qb6+ 41. Kd7 Qd6+ 42. Kc8 Na3 43. Bf5+ Kh8 44. Be6 Qf8+ 45. Kxb7
Nc4 46. Qh5+ Kg7 47. g5 Nd6+ 48. Kxc7 Nf5 49. Bxf5 Qxf5 50. Qh6+ Kf7 51. Qf6+
Qxf6 52. gxf6 Kxf6 53. d6 Ke6 54. c4 Ke5 55. c5 a4 56. d7 Kd4 57. d8=Q+ Kxc5
58. Qd3 a3 59. Kb7 Kb4 60. Kc6 Ka5 61. Qb5# 1-0

[Event "ICS rated blitz match"]
[Site "204.178.125.65"]
[Date "2000.03.01"]
[Round "?"]
[White "Hossa"]
[Black "Kair"]
[Result "0-1"]
[WhiteElo "2393"]
[BlackElo "2576"]
[PlyCount "102"]

1. e4 e5 2. Nf3 Nc6 3. Bb5 a6 4. Ba4 Nf6 5. O-O Be7 6. Re1 b5 7. Bb3 d6 8. c3
O-O 9. h3 Na5 10. Bc2 c5 11. d4 Qc7 12. Nbd2 cxd4 13. cxd4 Nc6 14. Nb3 Nb4 15.
Bb1 Bd7 16. Bd2 a5 17. Bxb4 axb4 18. Qd2 Ra4 19. Rc1 Qb7 20. dxe5 dxe5 21. Nxe5
Be6 22. Qd3 Bxb3 23. Qxb3 Bd6 24. Nc6 Rc8 25. e5 Rxc6 26. Rd1 Bf8 27. exf6 Rxf6
28. Qd3 g6 29. Qd8 Re6 30. Bc2 Ra8 31. Qd2 Rae8 32. Bd3 Qd5 33. Qc2 Qe5 34. Bf1
Bd6 35. g3 R8e7 36. Rd2 Bc5 37. Bg2 Qxg3 38. Rd8+ Kg7 39. Rf1 Bb6 40. Rd2 h6
41. Qd1 Qf4 42. Bd5 Bc7 43. f3 Re5 44. Be4 Rg5+ 45. Kh1 Rh5 46. Bf5 Qxf5 47.
Rh2 Bxh2 48. Rf2 Qxh3 49. Qf1 Re1 50. Qxe1 Bg3+ 51. Rh2 Qxh2# 0-1

[Event "ICS rated blitz match"]
[Site "204.178.125.65"]
[Date "2000.03.01"]
[Round "?"]
[White "Jfreile"]
[Black "Hossa"]
[Result "0-1"]
[WhiteElo "2245"]
[BlackElo "2385"]
[PlyCount "62"]

1. c3 e5 2. d3 d5 3. Nd2 Nf6 4. e4 Nc6 5. Ngf3 Be7 6. Be2 O-O 7. O-O Re8 8. b4
a6 9. Rb1 d4 10. cxd4 exd4 11. a3 Be6 12. Bb2 Qd7 13. Rc1 Reb8 14. Rxc6 Qxc6
15. Nxd4 Qd7 16. Nxe6 Qxe6 17. Qc2 Bd6 18. d4 Bf4 19. d5 Nxd5 20. Bc4 Qh6 21.
g3 Bxd2 22. Bxd5 c6 23. Ba2 Rd8 24. Rd1 Rd7 25. Kg2 Rad8 26. Bb1 Qh5 27. h3 Bh6
28. Rxd7 Rxd7 29. f4 Qd1 30. Bc3 g5 31. f5 Bg7 0-1

[Event "ICS rated blitz match"]
[Site "204.178.125.65"]
[Date "2000.03.01"]
[Round "?"]
[White "Hossa"]
[Black "Monsignore"]
[Result "1-0"]
[WhiteElo "2395"]
[BlackElo "2135"]
[PlyCount "119"]

1. d4 f5 2. c4 e6 3. g3 d5 4. Bg2 c6 5. cxd5 exd5 6. Nc3 Nf6 7. Nf3 Be7 8. Bf4
O-O 9. Ne5 Nbd7 10. O-O Nxe5 11. Bxe5 Be6 12. Qb3 Qb6 13. Qxb6 axb6 14. Rfd1
Ne4 15. a4 Nd6 16. Ra2 Nc4 17. Bc7 Rfc8 18. Bf4 Na5 19. Be5 Kf7 20. e3 g6 21.
Rd3 Nc4 22. b3 Nd6 23. f3 Ke8 24. Bg7 Nf7 25. Rc2 Kd7 26. f4 Nd6 27. Rd1 Ne4
28. Na2 Ra5 29. Nc1 b5 30. axb5 Rxb5 31. Bf1 Ra5 32. Nd3 Rca8 33. Bh6 Ra3 34.
Ne5+ Ke8 35. Rb1 Bb4 36. Nf3 Nc3 37. Rbb2 Nd1 38. Rb1 Nxe3 39. Re2 Nxf1 40.
Rxe6+ Kf7 41. Ng5+ Kg8 42. Kxf1 Ra1 43. Rxa1 Rxa1+ 44. Kf2 Ra8 45. Kf3 Rc8 46.
Re2 b6 47. Ne6 c5 48. Re5 c4 49. bxc4 dxc4 50. Re2 c3 51. Rc2 Ba5 52. d5 b5 53.
d6 b4 54. d7 Rb8 55. Re2 b3 56. Ng5 Rf8 57. Re8 Bb4 58. Rxf8+ Bxf8 59. d8=Q c2
60. Qxf8# 1-0

[Event "ICS rated blitz match"]
[Site "204.178.125.65"]
[Date "2000.03.01"]
[Round "?"]
[White "PostModernist"]
[Black "Hossa"]
[Result "1-0"]
[WhiteElo "2504"]
[BlackElo "2395"]
[PlyCount "117"]

1. d4 d5 2. Nf3 Nf6 3. e3 e6 4. Bd3 c5 5. c3 Bd6 6. Nbd2 Nc6 7. dxc5 Bxc5 8.
O-O O-O 9. e4 Re8 10. Qe2 Ng4 11. e5 f6 12. Nb3 Bxf2+ 13. Rxf2 Nxf2 14. Kxf2
fxe5 15. Nxe5 Qf6+ 16. Nf3 e5 17. c4 Be6 18. cxd5 Bxd5 19. Be4 Bxe4 20. Qxe4
Rf8 21. Be3 Rf7 22. Kg1 Raf8 23. Kh1 a6 24. Nc5 h6 25. Rc1 Rc8 26. a4 a5 27.
Qc4 Ne7 28. Qb3 Ng6 29. Nxb7 Rxc1+ 30. Bxc1 e4 31. Ng1 Nh8 32. Nxa5 Qf1 33. Be3
Qf6 34. Qb4 Qh4 35. Nb7 Kh7 36. Nd6 Rf1 37. Qd4 Ng6 38. Nxe4 Qe7 39. a5 Re1 40.
a6 Qf8 41. a7 Ra1 42. b4 Ra6 43. b5 Ra2 44. b6 Qf7 45. Nd6 Qf1 46. Qd5 Ra3 47.
b7 Rxe3 48. b8=Q Ne7 49. Qc5 Ra3 50. Qxa3 Nc6 51. Qe3 Qf6 52. Qe4+ g6 53. Qc7+
Qg7 54. Qxg7+ Kxg7 55. a8=Q h5 56. Qb7+ Ne7 57. Qbxe7+ Kh8 58. Qf8+ Kh7 59.
Qee7# 1-0

[Event "ICS rated blitz match"]
[Site "204.178.125.65"]
[Date "2000.03.01"]
[Round "?"]
[White "Hossa"]
[Black "PostModernist"]
[Result "1-0"]
[WhiteElo "2384"]
[BlackElo "2515"]
[PlyCount "161"]

1. e4 c6 2. d4 d5 3. exd5 cxd5 4. c4 Nf6 5. Nc3 Nc6 6. cxd5 Nxd5 7. Nf3 Bg4 8.
Qb3 Bxf3 9. gxf3 e6 10. Qxb7 Nxd4 11. Bb5+ Nxb5 12. Qc6+ Ke7 13. Qxb5 Qd7 14.
Nxd5+ Qxd5 15. Qxd5 exd5 16. Be3 Ke6 17. O-O-O Bb4 18. Kc2 Rhc8+ 19. Kd3 f5 20.
Bd4 Kf7 21. Rhg1 g6 22. Rc1 a6 23. Be5 Bc5 24. Rg2 Bb6 25. Rc3 Ba5 26. Rb3 Bd8
27. Rb7+ Ke6 28. f4 Be7 29. Rg1 Rc4 30. Bd4 Kf7 31. Re1 Re8 32. Re5 Rcc8 33. b4
Kf8 34. Rxd5 Rc1 35. Rdd7 Rd1+ 36. Kc3 Kf7 37. Bc5 Rxd7 38. Rxd7 Ke6 39. Rxe7+
Rxe7 40. Bxe7 Kxe7 41. Kc4 Kd6 42. b5 a5 43. Kb3 Kc5 44. Ka4 Kb6 45. h3 h6 46.
h4 h5 47. f3 Kb7 48. Kxa5 Kc7 49. b6+ Kc6 50. Ka6 Kd5 51. b7 Kd4 52. b8=Q Ke3
53. Qb6+ Kxf3 54. Qxg6 Kxf4 55. Qxf5+ Kxf5 56. a4 Kg4 57. a5 Kxh4 58. Kb6 Kg3
59. a6 h4 60. a7 h3 61. a8=Q Kf2 62. Qh1 Kg3 63. Kc6 Kg4 64. Kd5 Kh4 65. Ke5
Kg4 66. Qf1 Kg3 67. Ke4 h2 68. Qf3+ Kh4 69. Qf4+ Kh3 70. Qe3+ Kg2 71. Qe2+ Kg3
72. Qf1 Kh4 73. Qf6+ Kh3 74. Qf5+ Kg2 75. Qf3+ Kg1 76. Ke3 h1=N 77. Qg4+ Ng3
78. Qxg3+ Kh1 79. Qg4 Kh2 80. Kf3 Kh1 81. Qg2# 1-0

[Event "ICS Rated blitz match"]
[Site "204.178.125.65"]
[Date "2000.03.01"]
[Round "?"]
[White "PostModernist"]
[Black "Hossa"]
[Result "1-0"]
[WhiteElo "2493"]
[BlackElo "2406"]
[PlyCount "181"]

1. c4 c5 2. Nf3 Nf6 3. Nc3 Nc6 4. g3 g6 5. Bg2 Bg7 6. O-O d5 7. d3 d4 8. Na4
Qd6 9. a3 Bg4 10. Bd2 O-O 11. b4 Nd7 12. b5 Nd8 13. Ng5 Re8 14. Ne4 Qc7 15. h3
Bf5 16. Ng5 Nf6 17. e4 dxe3 18. Bxe3 Nd7 19. Rb1 Bd4 20. g4 Be6 21. Qf3 Rf8 22.
Rfe1 Be5 23. Nxe6 Bh2+ 24. Kh1 fxe6 25. Qe2 Bf4 26. Bxf4 Rxf4 27. Qe3 e5 28.
Nc3 Qa5 29. Rb3 e6 30. Kg1 Rb8 31. Ne4 Nf7 32. Rd1 b6 33. g5 Rf8 34. Ra1 Qa4
35. Rab1 Rf5 36. Bf3 Rxf3 37. Qxf3 Nxg5 38. Qg4 Nf3+ 39. Kg2 Rf5 40. Kh1 Nf8
41. Rc3 Rf4 42. Qg3 Qa5 43. Rbc1 Nd7 44. Qg2 Nd4 45. Ng3 Nf8 46. Qf1 Rf7 47.
Ne4 Nd7 48. Nd6 Rf8 49. Nb7 Qa4 50. Rb1 Nb8 51. Nd6 Rf4 52. Ne4 Qa5 53. Rbc1
Nd7 54. Ng3 Nf3 55. Qg2 Nf8 56. Ne4 Qa4 57. Ng5 Nd4 58. Qf1 Rf5 59. Ne4 Nd7 60.
Re1 Nf3 61. Re3 Rf4 62. Kg2 Nd4 63. Qc1 Nf5 64. Re2 Qa5 65. Kg1 Nd4 66. Re3 Rf5
67. Nd6 Rf8 68. Nb7 Qa4 69. Qf1 Rf4 70. Kh2 Nf6 71. Kg2 e4 72. Nd6 exd3 73.
Rexd3 Ne4 74. Nxe4 Rxe4 75. Qc1 Re5 76. Qf4 Rf5 77. Qc7 Rf8 78. f3 Ne2 79. Rd7
Nf4+ 80. Kh2 Nh5 81. Qc6 Nf4 82. Qd6 Rf7 83. Rxf7 Kxf7 84. Qxf4+ Kg8 85. Rd3
Qc2+ 86. Rd2 Qf5 87. Qc7 Qxf3 88. Rd8+ Qf8 89. Rxf8+ Kxf8 90. Qb8+ Kg7 91.
Qxa7+ 1-0

[Event "ICS Rated blitz match"]
[Site "204.178.125.65"]
[Date "2000.03.01"]
[Round "?"]
[White "Hossa"]
[Black "Beadle"]
[Result "0-1"]
[WhiteElo "2394"]
[BlackElo "2624"]
[PlyCount "66"]

1. e4 e5 2. Nf3 Nc6 3. d4 exd4 4. Nxd4 Bc5 5. Be3 Qf6 6. c3 Nge7 7. Bc4 O-O 8.
O-O Bb6 9. Na3 d6 10. Ndb5 Rd8 11. Bxb6 cxb6 12. Nc7 Rb8 13. f4 a6 14. Qh5 b5
15. Bd3 g6 16. Qh6 b4 17. Nb1 bxc3 18. bxc3 Nb4 19. Rd1 d5 20. Nxd5 Nbxd5 21.
exd5 Rxd5 22. f5 Bxf5 23. Qe3 Rxd3 24. Rxd3 Bxd3 25. Na3 Qxc3 26. Re1 Nd5 27.
Qe5 Rc8 28. Qxc3 Rxc3 29. Nb1 Rc2 30. a4 Nf4 31. Kh1 Nxg2 32. Re8+ Kg7 33. h3
Nf4 0-1

[Event "ICS rated blitz match"]
[Site "204.178.125.65"]
[Date "2000.03.01"]
[Round "?"]
[White "Hossa"]
[Black "abozobr"]
[Result "1-0"]
[WhiteElo "2387"]
[BlackElo "2383"]
[PlyCount "155"]

1. e4 e5 2. Nf3 d6 3. d4 exd4 4. Nxd4 Nf6 5. Nc3 Be7 6. Bc4 O-O 7. Bf4 Nc6 8.
Nxc6 bxc6 9. O-O Nd7 10. Qh5 Bf6 11. Rab1 Ne5 12. Be2 Ng6 13. Be3 Rb8 14. Qa5
a6 15. f3 Be5 16. f4 Bf6 17. e5 dxe5 18. Rfd1 Qe8 19. Bc5 Be7 20. Bxe7 Qxe7 21.
fxe5 Qxe5 22. Qxe5 Nxe5 23. Rd4 Bf5 24. Rd2 Rfd8 25. Rxd8+ Rxd8 26. Bxa6 Bxc2
27. Re1 f6 28. Kf2 Bd3 29. Rd1 Rd6 30. Bc8 c5 31. Kg3 c4 32. Bb7 Kf7 33. Re1 g5
34. h4 h6 35. h5 Ke6 36. Bc8+ Ke7 37. Bb7 Ke6 38. Bc8+ Kf7 39. Bb7 c6 40. Kf2
Rd7 41. Bc8 Rd8 42. Bh3 Rb8 43. Nd1 Ke7 44. Kg3 Kd6 45. Bg4 f5 46. Be2 f4+ 47.
Kh2 Kd5 48. Bf3+ Kd4 49. Be2 g4 50. Kg1 g3 51. a4 Ra8 52. Nc3 Rb8 53. Nd1 Rb4
54. a5 Ra4 55. Bxd3 cxd3 56. Nc3 d2 57. Re4+ Kd3 58. Rxa4 Nc4 59. Rxc4 Kxc4 60.
a6 Kb3 61. a7 Kxb2 62. Nd1+ Kc2 63. a8=Q Kxd1 64. Qa4+ Kc1 65. Qxf4 Kc2 66.
Qc4+ Kb2 67. Qd3 Kc1 68. Qc3+ Kd1 69. Qc5 Ke2 70. Qe5+ Kd3 71. Qxg3+ Kc2 72.
Qg6+ Kb2 73. Qd3 Kc1 74. Qc3+ Kd1 75. Kf2 c5 76. g3 c4 77. Qb2 c3 78. Qb1# 1-0

[Event "ICS Rated blitz match"]
[Site "204.178.125.65"]
[Date "2000.03.01"]
[Round "?"]
[White "abozobr"]
[Black "Hossa"]
[Result "0-1"]
[WhiteElo "2252"]
[BlackElo "2389"]
[PlyCount "52"]

1. e4 e5 2. Nf3 Nc6 3. Nc3 Nf6 4. Bc4 Bb4 5. d3 d6 6. h3 Na5 7. Bb3 Nxb3 8.
axb3 Be6 9. O-O O-O 10. Bg5 Qe7 11. Re1 Rfe8 12. Qd2 a5 13. Nh2 h6 14. Be3 d5
15. exd5 Nxd5 16. Nf3 Qd6 17. Re2 Red8 18. Qe1 f6 19. Bd2 Nxc3 20. bxc3 Ba3 21.
d4 Bd5 22. dxe5 Qf8 23. e6 Bxf3 24. e7 Bxe7 25. gxf3 Bd6 26. Bf4 Bxf4 0-1

[Event "ICS Rated bullet match"]
[Site "204.178.125.65"]
[Date "2000.03.01"]
[Round "?"]
[White "Beadle"]
[Black "Hossa"]
[Result "1-0"]
[WhiteElo "2418"]
[BlackElo "2416"]
[PlyCount "103"]

1. e4 e5 2. Nf3 Nc6 3. Bb5 a6 4. Ba4 Nf6 5. O-O Be7 6. Re1 b5 7. Bb3 d6 8. c3
O-O 9. h3 Na5 10. Bc2 c5 11. d4 Qc7 12. Nbd2 cxd4 13. cxd4 Bb7 14. Nf1 Rac8 15.
Bd3 d5 16. dxe5 Nxe4 17. Be3 Nc4 18. Rc1 Bb4 19. Re2 Qc6 20. Qb3 a5 21. Rd1
Nxe3 22. Nxe3 Nc5 23. Qc2 Nxd3 24. Qxd3 Rfd8 25. Nd4 Qe8 26. Qxb5 Qxb5 27. Nxb5
Ba6 28. a4 d4 29. Nf5 d3 30. Re4 Rc5 31. Nbd6 Rc2 32. Rg4 g6 33. Nh6+ Kg7 34.
Ndxf7 Rb8 35. e6 Bc5 36. Nf5+ Kf6 37. Ne3 Bxe3 38. fxe3 Rbxb2 39. Ng5 h6 40.
Rf1+ Ke7 41. Rf7+ Kd6 42. Ne4+ Kd5 43. e7 Rc8 44. Rf8 Rc1+ 45. Kh2 Bb5 46. axb5
Rxg2+ 47. Rxg2 Kxe4 48. e8=Q+ Kd5 49. Qf7+ Ke5 50. Qf4+ Ke6 51. Rxg6+ Kd5 52.
Qd4# 1-0

[Event "ICS Rated blitz match"]
[Site "204.178.125.65"]
[Date "2000.03.01"]
[Round "?"]
[White "Randolf-Raatass"]
[Black "Hossa"]
[Result "0-1"]
[WhiteElo "2001"]
[BlackElo "2390"]
[PlyCount "44"]

1. e4 e5 2. Nf3 Nc6 3. d4 exd4 4. Nxd4 Nf6 5. Nxc6 bxc6 6. e5 Qe7 7. Qe2 Nd5 8.
h4 Qe6 9. c4 Nb6 10. Nc3 Bb4 11. Bd2 Ba6 12. b3 O-O 13. O-O-O Ba3+ 14. Kc2 Rfe8
15. f4 f6 16. exf6 Qf5+ 17. Qd3 Qxf6 18. g4 Nd5 19. g5 Nb4+ 20. Kb1 Qf7 21. Qh3
d5 22. cxd5 Bc8 0-1

[Event "ICS Rated blitz match"]
[Site "204.178.125.65"]
[Date "2000.03.01"]
[Round "?"]
[White "Hossa"]
[Black "abozobr"]
[Result "1-0"]
[WhiteElo "2393"]
[BlackElo "2139"]
[PlyCount "83"]

1. e4 e5 2. Nf3 d6 3. d4 exd4 4. Nxd4 Nf6 5. Nc3 Be7 6. Bc4 O-O 7. Bf4 Nc6 8.
Nxc6 bxc6 9. O-O Nd7 10. Qh5 Bf6 11. Rab1 a5 12. Rfd1 Ne5 13. Be2 Be6 14. Be3
Qe7 15. a4 Nc4 16. Bd4 Bxd4 17. Rxd4 Nb6 18. Re1 f6 19. Bf3 Bf7 20. Qh3 Nc4 21.
b3 Ne5 22. Bg4 Nxg4 23. Qxg4 Rfe8 24. Rdd1 Qe5 25. Rd3 Bg6 26. Qd7 d5 27. Qxc6
dxe4 28. Rd7 Rac8 29. Nd5 Bf5 30. Rxc7 Rxc7 31. Nxc7 Rc8 32. Qd5+ Qxd5 33. Nxd5
Rxc2 34. Ne7+ Kf7 35. Nxf5 Rb2 36. Nd4 f5 37. Nxf5 Rxb3 38. Nd6+ Kg6 39. Nxe4
Rb4 40. Nc3 Rc4 41. Re3 Kf5 42. h3 1-0

[Event "ICS Rated blitz match"]
[Site "204.178.125.65"]
[Date "2000.03.01"]
[Round "?"]
[White "Hossa"]
[Black "Beadle"]
[Result "1/2-1/2"]
[WhiteElo "2399"]
[BlackElo "2631"]
[PlyCount "169"]

1. c4 e5 2. Nc3 Nf6 3. Nf3 Nc6 4. e3 Bb4 5. Qc2 O-O 6. Nd5 Re8 7. Qf5 d6 8.
Nxf6+ gxf6 9. Qh5 d5 10. a3 Bf8 11. d4 Be6 12. Bd3 e4 13. Bc2 Qd7 14. cxd5 Bxd5
15. Nh4 Bg7 16. Nf5 Ne7 17. Nxg7 Kxg7 18. O-O Qf5 19. Qe2 Kh8 20. Re1 Rg8 21.
Bd1 Qh3 22. g3 Rg5 23. Bd2 Qd7 24. Qf1 Nf5 25. Qh3 Rag8 26. Rc1 Nxg3 27. Qxd7
Ne2+ 28. Kf1 Nxc1 29. Bg4 Bc4+ 30. Kg2 Rxg4+ 31. Qxg4 Rxg4+ 32. Kh3 Be6 33.
Rxc1 c6 34. d5 cxd5 35. Rc7 Rg1+ 36. Kh4 Rg2 37. Be1 d4 38. exd4 Rxh2+ 39. Kg3
Rh3+ 40. Kg2 Rb3 41. Bc3 Kg7 42. Kg3 Kg6 43. Kf4 f5 44. Rc5 h5 45. d5 Bd7 46.
Rc7 Ba4 47. Rc8 f6 48. Rf8 Rb6 49. Rg8+ Kf7 50. Rd8 Bc2 51. a4 Bxa4 52. Bd4 Rb4
53. Bc3 e3+ 54. Kxe3 Re4+ 55. Kd2 Bb5 56. Kd1 Ke7 57. Rh8 Kd6 58. Rd8+ Kc5 59.
Bxf6 Be2+ 60. Kd2 Bc4 61. d6 Kc6 62. Be7 Be6 63. Ra8 a6 64. Rh8 Rb4 65. Kc2 Rf4
66. Rxh5 Rxf2+ 67. Kc3 Rf3+ 68. Kd4 Rf4+ 69. Ke5 Re4+ 70. Kf6 b6 71. Rh3 f4 72.
Rc3+ Kb5 73. Rf3 a5 74. Kg5 Re2 75. b3 Re4 76. Rxf4 Rxf4 77. Kxf4 Kc6 78. b4
axb4 79. d7 Bxd7 80. Bxb4 Kd5 81. Bc3 b5 82. Bd2 Bc6 83. Be1 Ba8 84. Bd2 Kd4
85. Be1 1/2-1/2

[Event "ICS Rated blitz match"]
[Site "204.178.125.65"]
[Date "2000.03.01"]
[Round "?"]
[White "Beadle"]
[Black "Hossa"]
[Result "1-0"]
[WhiteElo "2622"]
[BlackElo "2416"]
[PlyCount "119"]

1. e4 e5 2. Nf3 Nc6 3. Bb5 a6 4. Ba4 Nf6 5. O-O Be7 6. Re1 b5 7. Bb3 O-O 8. d4
exd4 9. e5 Ne8 10. Nxd4 Nxd4 11. Qxd4 Bb7 12. Rd1 d6 13. Qg4 Bc6 14. Nc3 Bd7
15. Qe4 Rb8 16. Bf4 a5 17. Bd5 b4 18. Ne2 dxe5 19. Bxe5 Nd6 20. Qd4 Re8 21. Ng3
Rb5 22. Nh5 Bf8 23. Bxd6 cxd6 24. Qc4 Qe7 25. Rac1 Rbb8 26. Qf4 Bb5 27. Ng3 Qc7
28. c3 bxc3 29. Rxc3 Qa7 30. Ne4 Ba6 31. Nf6+ Kh8 32. Nxe8 Rxe8 33. Bxf7 Rb8
34. Rh3 h6 35. Rxd6 Qxf7 36. Rdxh6+ gxh6 37. Qxf7 Bg7 38. Re3 Bb5 39. Rg3 Rg8
40. Rxg7 Rxg7 41. Qf8+ Kh7 42. Qf5+ Rg6 43. Qxb5 Rg5 44. Qd3+ Kg7 45. f4 Rg6
46. Qd7+ Kf6 47. f5 Rg8 48. Qe6+ Kg7 49. Qg6+ Kf8 50. Qxh6+ Kf7 51. Qe6+ Kf8
52. f6 Rg7 53. fxg7+ Kxg7 54. Qe7+ Kg6 55. g4 a4 56. a3 Kh6 57. Kf2 Kg6 58. Kg3
Kh6 59. Qf7 Kg5 60. Qg7# 1-0

[Event "ICS rated blitz match"]
[Site "204.178.125.65"]
[Date "2000.03.01"]
[Round "?"]
[White "Hossa"]
[Black "heatstroke"]
[Result "0-1"]
[WhiteElo "2409"]
[BlackElo "2882"]
[PlyCount "100"]

1. e4 c5 2. Nf3 e6 3. d4 cxd4 4. Nxd4 Nf6 5. Nc3 d6 6. Be2 a6 7. O-O Be7 8. f4
O-O 9. e5 dxe5 10. fxe5 Bc5 11. Be3 Nd5 12. Nxd5 Qxd5 13. Qd3 Qxe5 14. Bf2 Nc6
15. Nxc6 bxc6 16. Bxc5 Qxc5+ 17. Rf2 Rb8 18. b3 Rb4 19. c3 Rb7 20. b4 Qe5 21.
Qc4 c5 22. Qxc5 Qxc5 23. bxc5 Rc7 24. Rb1 Rxc5 25. Rf3 e5 26. Re3 f5 27. Rb8
Kf7 28. Ra8 a5 29. Ra7+ Kf6 30. Rh3 h6 31. a4 Rd8 32. Re3 Rd7 33. Rxd7 Bxd7 34.
Bd1 f4 35. Rd3 Bc6 36. Rd6+ Kf5 37. Rd3 e4 38. Rh3 e3 39. Rh5+ g5 40. Rxh6 Rxc3
41. h3 Rc1 42. Rxc6 Rxd1+ 43. Kh2 e2 44. Rc5+ Ke6 45. Rc6+ Kd7 46. Rh6 e1=Q 47.
Rh7+ Kc6 48. Rh6+ Kd5 49. Rd6+ Kxd6 50. g4 Qg3# 0-1

[Event "ICS rated blitz match"]
[Site "204.178.125.65"]
[Date "2000.03.01"]
[Round "?"]
[White "heatstroke"]
[Black "Hossa"]
[Result "1-0"]
[WhiteElo "2884"]
[BlackElo "2407"]
[PlyCount "91"]

1. e4 e5 2. Nf3 Nc6 3. Bb5 a6 4. Ba4 Nf6 5. O-O Be7 6. Re1 b5 7. Bb3 O-O 8. a4
Bb7 9. d3 d6 10. Nbd2 Na5 11. Ba2 bxa4 12. Nf1 a3 13. bxa3 Qd7 14. Bd2 Nc6 15.
Ng3 Qg4 16. Rb1 Rfb8 17. Nf5 h6 18. Bxh6 Bf8 19. Bd2 g6 20. h3 Qh5 21. Ng3 Qh8
22. Ng5 Nd8 23. Ba5 Bh6 24. Bxc7 Bxg5 25. Bxd8 Bc6 26. Bc7 Rxb1 27. Qxb1 Ne8
28. Qb6 Bb5 29. Bb8 Bd7 30. Qb7 Rxb8 31. Qxb8 Qh4 32. Qa7 Nf6 33. Qxa6 Ne8 34.
Qa7 Nf6 35. Qc7 Bf4 36. Qxd6 Ba4 37. Qe7 Kh8 38. Rb1 Kh7 39. Qxf7+ Kh6 40. Qf8+
Kh7 41. Rb8 Be8 42. Rxe8 Nxe8 43. Bg8+ Kh8 44. Bf7+ Kh7 45. Qg8+ Kh6 46. Qxg6#
1-0

[Event "ICS Rated blitz match"]
[Site "204.178.125.65"]
[Date "2000.03.01"]
[Round "?"]
[White "Hossa"]
[Black "Bannon"]
[Result "1-0"]
[WhiteElo "2405"]
[BlackElo "2080"]
[PlyCount "113"]

1. e4 c5 2. Nf3 d6 3. d4 cxd4 4. Nxd4 Nc6 5. Nc3 Nf6 6. Bg5 e6 7. Bb5 Bd7 8.
Nf3 Qc7 9. O-O Be7 10. Re1 O-O 11. Qd2 Rfd8 12. Rad1 Be8 13. Re2 Ne5 14. Bxf6
Nxf3+ 15. gxf3 Bxf6 16. Bxe8 Rxe8 17. Nb5 Qc5 18. Nxd6 Red8 19. Qf4 e5 20. Qe3
Qc6 21. Red2 Rd7 22. Nf5 Rad8 23. Rxd7 Rxd7 24. Rxd7 Qxd7 25. Qxa7 h6 26. Qb8+
Kh7 27. Nd6 Qh3 28. Qxb7 Qxf3 29. Nxf7 Qd1+ 30. Kg2 Qxc2 31. a3 Qe2 32. Kg3 h5
33. Qd7 h4+ 34. Kg2 Qxe4+ 35. Kg1 Qf3 36. h3 e4 37. Qd5 Qxh3 38. Qxe4+ g6 39.
Qf4 Qf5 40. Qxf5 gxf5 41. b4 Bb2 42. a4 Ba3 43. b5 Bb4 44. Ne5 Kg7 45. b6 Kf6
46. Nc6 Bd6 47. a5 Ke6 48. a6 Kd7 49. Na5 Kc8 50. a7 Bc5 51. a8=Q+ Kd7 52. Qc6+
Ke7 53. Qxc5+ Kf6 54. b7 Kg5 55. b8=Q Kg4 56. Qg8+ Kf3 57. Qe3# 1-0

[Event "ICS Rated standard match"]
[Site "204.178.125.65"]
[Date "2000.03.01"]
[Round "?"]
[White "Hossa"]
[Black "Moron"]
[Result "0-1"]
[WhiteElo "2185"]
[BlackElo "2507"]
[PlyCount "180"]

1. e4 e5 2. Nf3 Nc6 3. Nc3 Nf6 4. d4 exd4 5. Nxd4 Bb4 6. Nxc6 bxc6 7. Bd3 d5 8.
exd5 cxd5 9. O-O O-O 10. Bg5 c6 11. Qf3 Be7 12. h3 h6 13. Bf4 Bd6 14. Rfe1 Rb8
15. b3 Rb7 16. Bxd6 Qxd6 17. Re2 Re7 18. Rae1 Rfe8 19. a4 Re6 20. Rxe6 Rxe6 21.
Rxe6 Bxe6 22. Qe2 Nd7 23. Qe3 Nc5 24. Qd4 Nxd3 25. Qxd3 Qb4 26. Kf1 Qa3 27. Ke2
Qc1 28. Na2 Qa3 29. Nc3 Qa1 30. Qe3 Bf5 31. Qd2 Qh1 32. g4 Bg6 33. Qf4 Bxc2 34.
Qb8+ Kh7 35. Kd2 Bg6 36. Qxa7 Qxh3 37. Qd4 f5 38. gxf5 Qxf5 39. b4 Qc2+ 40. Ke3
Qc1+ 41. Ke2 Bh5+ 42. f3 Qc2+ 43. Ke3 Qg2 44. Qf4 Qg1+ 45. Ke2 d4 46. Nd1 Qg2+
47. Nf2 d3+ 48. Ke3 Qg1 49. Qd4 Qc1+ 50. Kxd3 Bxf3 51. Ne4 Qd1+ 52. Ke3 Qe2+
53. Kf4 Bg2 54. a5 Qf3+ 55. Ke5 Qh5+ 56. Kd6 Qg6+ 57. Ke5 Qe8+ 58. Kf4 Qh5 59.
Qd3 Qh4+ 60. Kf5 Kh8 61. Qb1 Qh2 62. Qd3 Qh5+ 63. Kf4 Qh4+ 64. Kf5 Qe7 65. Qd4
Qf7+ 66. Ke5 Qe8+ 67. Kf4 Qf8+ 68. Ke5 h5 69. Qc4 h4 70. a6 h3 71. a7 h2 72.
Qa2 Qe7+ 73. Qe6 Qxe6+ 74. Kxe6 Bxe4 75. a8=Q+ Kh7 76. b5 h1=Q 77. b6 Qh3+ 78.
Ke7 Qh4+ 79. Kd7 Qg4+ 80. Kd6 Qf4+ 81. Kc5 Qe5+ 82. Kc4 Qd5+ 83. Kc3 Qd3+ 84.
Kb4 c5+ 85. Kxc5 Qc3+ 86. Kd6 Bxa8 87. Ke6 Qd4 88. b7 Bxb7 89. Ke7 Bc6 90. Kf7
Qf6# 0-1

[Event "ICS Rated blitz match"]
[Site "204.178.125.65"]
[Date "2000.03.01"]
[Round "?"]
[White "heatstroke"]
[Black "Hossa"]
[Result "1-0"]
[WhiteElo "2892"]
[BlackElo "2412"]
[PlyCount "91"]

1. e4 c6 2. d4 d5 3. Nc3 dxe4 4. Nxe4 Bf5 5. Ng3 Bg6 6. h4 h6 7. Nf3 Nd7 8. h5
Bh7 9. Bd3 Bxd3 10. Qxd3 Qc7 11. Bd2 e6 12. Qe2 Ngf6 13. O-O-O O-O-O 14. Ne5
Nxe5 15. dxe5 Nd7 16. f4 Be7 17. Ne4 Nc5 18. Nc3 f6 19. exf6 Bxf6 20. Qc4 Qb6
21. Qe2 Rd7 22. a3 Rhd8 23. Rhf1 Qa6 24. Qxa6 Nxa6 25. Be3 Bxc3 26. bxc3 c5 27.
Rxd7 Rxd7 28. g4 Re7 29. Rg1 e5 30. g5 hxg5 31. fxg5 e4 32. h6 gxh6 33. gxh6
Re5 34. Rg5 Re7 35. Rg8+ Kd7 36. Rg7 b6 37. Rxe7+ Kxe7 38. h7 Kd6 39. h8=Q Nc7
40. Bf4+ Kc6 41. Qc8 Kb5 42. Bxc7 Kc6 43. c4 b5 44. Be5+ Kb6 45. Qb8+ Ka5 46.
Qxb5# 1-0

[Event "ICS rated blitz match"]
[Site "204.178.125.65"]
[Date "2000.03.01"]
[Round "?"]
[White "Hossa"]
[Black "sga"]
[Result "1-0"]
[WhiteElo "2410"]
[BlackElo "2281"]
[PlyCount "71"]

1. e4 c5 2. Nf3 Nc6 3. d4 cxd4 4. Nxd4 Nf6 5. Nc3 e5 6. Ndb5 d6 7. Bg5 a6 8.
Na3 b5 9. Bxf6 gxf6 10. Nd5 Bg7 11. Bd3 Ne7 12. Nxe7 Qxe7 13. c3 f5 14. O-O O-O
15. Nc2 Rb8 16. exf5 d5 17. Qh5 e4 18. Be2 Qf6 19. Rad1 Rd8 20. Ne3 Qe5 21. f6
Qxh5 22. Bxh5 Bxf6 23. Nxd5 Kg7 24. Nxf6 Rxd1 25. Rxd1 Kxf6 26. Rd8 Ke7 27. Rh8
a5 28. Bg4 Bxg4 29. Rxb8 Bd7 30. Rh8 Bf5 31. b3 Kd6 32. Ra8 a4 33. bxa4 bxa4
34. Rxa4 Be6 35. Rd4+ Ke5 36. a4 1-0